| 000 | 00810nam a22002177a 4500 | ||
|---|---|---|---|
| 999 |
_c17515 _d17515 |
||
| 003 | AR-CdUCM | ||
| 008 | 190508b ||||| |||| 00| 0 spa d | ||
| 020 | _a84-303-0200-X | ||
| 040 |
_aMUNICIPALIDAD PROVINCIAL DEL CUSCO _cBIBLIOTECA MUNICIPAL DEL CUSCO |
||
| 082 |
_a630.2 / _bM26 |
||
| 100 |
_aMartinez Planas, Miguel _937564 |
||
| 245 | _aAgricultura Practica / | ||
| 260 |
_aBarcelona : _bRamon Sopena, _c1983. |
||
| 300 |
_a679 paginas ; _bIlustraciones, graficos, dibujos, _c21 cm. |
||
| 505 | _aContenido: Edafologia -- Clasificación de los suelos -- Conservación de los suelos -- Nutrición vegetal -- Fertilizantes -- Laboreo de las tierras... | ||
| 650 |
_aAgricultura _9320 |
||
| 650 |
_aTierra _9337 |
||
| 700 |
_aTico Roig, Luis _937565 |
||
| 942 |
_2ddc _cLIBROS |
||
| 945 |
_apjha _d2019-05-08 |
||